000 00634nam a2200217Ii 4500
001 20175
003 CO-ViMGA
008 241108s9999||||xx |||||||||||||| ||und||
020 _a8477643717 (Obra completa)
040 _aCO-ViMGA
_bspa
_erda
_cCO-ViMGA
041 0 _aspa
082 0 4 _aR 572.09 R278
100 1 _aJoan Frigolé i Reixach
_948559
245 1 0 _aLas razas humanas
264 1 _aMadrid, España : Oceano Grupo Editorial, 1996
300 _avolumen
336 _atext
_btxt
_2rdacontent
337 _aunmediated
_bn
_2rdamedia
338 _avolume
_bnc
_2rdacarrier
940 _aidficha_siabuc: 19830. -- ficha_no_siabuc:20175
999 _c43201
_d43201